000 00861nam a2200289 i 4500
003 DO-SdBNP
005 20260115112821.0
007 ta
008 240521t2001 dr ||||| |||| 00| 0 spa d
040 _aDO-SdBNP
_bspa
_cBNPHU
_erda
041 _aspa
082 4 _axxx
_bA561c 2001
_222
100 1 _aAndrés, Mateo
_eautor
_4aut.
_q(Padre)
_97205
245 1 0 _aCultiva tu matrimonio :
_ben tu jardín /
_cMateo Andrés
250 _aCuarta edición
264 4 _aSanto Domigo :
_bMSC,
_c©2001
300 _a135 páginas ;
_c21 cm.
336 _atexto
_btxt
_2rdacontent
337 _asin mediación
_bn
_2rdamedia
338 _avolumen
_bnc
_2rdacarrier
490 1 _aLuz
_v14
590 _aInventariado 2024 / MF
650 4 _aMatrimonio
_9797
650 0 _aParejas
_91477
650 4 _aMatrimonio
_xAspectos religiosos
_xCristianismo
_96637
942 _2ddc
_cLBS1
999 _c56712
_d56712